Refuge waters in peril.

Bibliographic Details
Corporate Author: Malheur National Wildlife Refuge (Agency : U.S.)
Format: Government Document eBook
Language:English
Published: Princeton, Or. : Malheur National Wildlife Refuge, [2012?]
Subjects:
Online Access:https://purl.fdlp.gov/GPO/gpo30861

MARC

Tag First Indicator Second Indicator Subfields
LEADER 00000cam a2200000 a 4500
001 in00002782459
005 20211120170430.0
006 m | d f
007 cr mn|||||||||
008 121127s2012 oru o f000 0 eng c
035 |a (OCoLC)ocn819403095 
040 |a GPO  |c GPO  |d GPO  |d MvI  |d UtOrBLW 
042 |a pcc 
043 |a n-us-or 
049 |a WWW 
074 |a 0612-C (online) 
086 0 |a I 49.44/2:W 31 
110 2 |a Malheur National Wildlife Refuge (Agency : U.S.) 
245 1 0 |a Refuge waters in peril. 
264 1 |a Princeton, Or. :  |b Malheur National Wildlife Refuge,  |c [2012?] 
300 |a 1 online resource (4 unnumbered pages) :  |b color illustrations 
336 |a text  |b txt  |2 rdacontent 
337 |a computer  |b c  |2 rdamedia 
338 |a online resource  |b cr  |2 rdacarrier 
500 |a Title from title screen (viewed on Nov. 2, 2012). 
500 |a Electronic resource. 
650 0 |a Fish pests  |z Oregon. 
651 0 |a Malheur National Wildlife Refuge (Or.) 
650 0 |a Carp  |z Oregon. 
650 0 |a Introduced organisms  |z Oregon. 
776 0 8 |i Print version:  |a Malheur National Wildlife Refuge (Agency : U.S.).  |t Refuge waters in peril  |w (OCoLC)819403105 
856 4 0 |u https://purl.fdlp.gov/GPO/gpo30861  |t 0 
999 |a MARS 
999 f f |s d66f6ce0-c50f-3d59-85dc-a5360bd5c786  |i d3f6375b-bf80-3ae4-834d-064197316cd4  |t 0 
952 f f |a Texas A&M University  |b College Station  |c Electronic Resources  |d Available Online  |t 0  |e I 49.44/2:W 31  |h Superintendent of Documents classification 
998 f f |a I 49.44/2:W 31  |t 0  |l Available Online